La ciencia : (Registro nro. 10431)

Detalles MARC
000 -LIDER
fixed length control field 00849nam a22002417a 4500
001 - NÚMERO DE CONTROL
Identificador de número de control 741
003 - IDENTIFICACDOR DE NÚMERO DE CONTROL
control field DO-SdBNP
005 - DATE AND TIME OF LATEST TRANSACTION
control field 20171208142153.0
007 - CAMPOS FIJOS DE DESCRIPCIÓN FÍSICA
fixed length control field 741
008 - ELEMENTOS DE LONGITUD FIJA
fixed length control field 160617b 1972 sp ||||| |||| 00| 0 spa d
040 ## - FUENTE DE CATALOGACIÓN
Agencia que crea de manera original el registro BPMSU
Idioma de catalogación spa
Agencia que realiza la transcripción BPMSU
100 ## - ASIENTO PRINCIPAL -- NOMBRE PERSONAL
Nombre personal Bunge, Mario,
Fechas asociadas con el nombre 1919-
245 ## - MENCIÓN DE TITULO
Título La ciencia :
Subtítulo su método y su filosofía /
Mención de responsabilidad Mario Bunge.
260 ## - PUBLICACIÓN, DISTRIBUCIÓN, ETC. (PIE DE IMPRENTA)
Lugar de publicación, distribución, etc [s.l.
Nombre del editor, distribuidor, etc. s.n.,
Fecha de publicación, distribución, etc 190?]
300 ## - DESCRIPCIÓN FÍSICA
Extensión 110 p. ;
Dimensiones 21 cm.
500 ## - NOTA GENERAL
Nota general Incluye notas al pie de las páginas
505 ## - NOTA DE CONTENIDO
Título Qué es la ciencia? ;
-- Cual es el método de la ciencia? ;
-- Qué significa ley científica ? ;
-- Filosofar científicamente y encarar la ciencia filosóficamente.
650 ## - ENCABEZAMIENTO DE MATERIA--TEMÁTICO
Término temático o nombre geográfico como elemento de entrada ETOLOGÍA CIENTÍFICA
650 ## - ENCABEZAMIENTO DE MATERIA--TEMÁTICO
Término temático o nombre geográfico como elemento de entrada FILOSOFÍA DE LA CIENCIA
942 ## - ADDED ENTRY ELEMENTS (KOHA)
Source of classification or shelving scheme Dewey Decimal Classification
Koha item type Libros
945 ## - INFORMACIÓN DE PROCESAMIENTO LOCAL
Información de procesamiento local Inventariado extranjero / 2017 YL
956 ## - LOCAL ELECTRONIC LOCATION AND ACCESS (OCLC)
Nombre de host VMATEO
Número de acceso 10
Información de compresión 20160617
Trayectoria BPMSU
Nombre Electrónico 0069
Existencias
Withdrawn status Lost status Source of classification or shelving scheme Damaged status Not for loan Home library Current library Date acquired Source of acquisition Total Checkouts Barcode Date last seen Price effective from Koha item type
    Dewey Decimal Classification     Biblioteca Pública Metropolitana Salomé Ureña Biblioteca Pública Metropolitana Salomé Ureña 06/17/2016 FUNDI   BPMET16060238 06/17/2016 06/17/2016 Libros